000 00788cam a22002653a 4500
001 15660
003 PGUSA
005 20140828083332.0
008 050420s2005||||xxu|||||s|||||000 1 eng d
040 _aPGUSA
_beng
042 _adc
050 4 _aPS
100 1 _aAbbott, Eleanor Hallowell,
_d1872-1958
245 1 0 _aLittle Eve Edgarton
_h[electronic resource] /
_cEleanor Hallowell Abbott
260 _bProject Gutenberg,
_c2005
506 _aPublic domain in the USA.
516 _aElectronic text
653 _aYoung women -- Fiction
653 _aFirst loves -- Fiction
653 _aFathers and daughters -- Fiction
700 1 _aCrosby, Raymond Moreau,
_d1876-1945
830 0 _aProject Gutenberg
_v15660
856 4 0 _uhttp://www.gutenberg.org/ebooks/15660
942 _cEB
999 _c244915
_d244915